000
00297nam a2200145Ia 4500
100
_a
Resnick/R/ Halliday
250
_a
19
942
_c
BK
654
_a
Physics
245
_a
Physics I
260
_b
WILEY EASTERN LIMITED
_a
New Delhi
_c
1985
300
_a
646
546
_a
ENGLISH
999
_c
31064
_d
31064